| 000 | 00361nam a22001217a 4500 | ||
|---|---|---|---|
| 008 | 230623b xxu||||| |||| 00| 0 eng d | ||
| 082 |
_a330.96 _bOLO 1978 |
||
| 100 | _cJ. J. Oloya | ||
| 245 | _aSome Aspects of Economic Development with Special Reference to East Africa | ||
| 260 |
_aNairobi _bKenya Literature Bureau _c1978 |
||
| 300 | _aIX,166p | ||
| 942 |
_2ddc _cBK |
||
| 999 |
_c2539 _d2539 |
||